Fyzika pre technikov. 2

Bibliographic Details
Main Author: Rákoš, Matej, 1922-2011 (Author)
Format: Book
Language:Undetermined
PhysicalDescription:172 s.
Published: Bratislava Vyd. technickej a ekon. lit. 1976

MARC

LEADER 00000nam a2200000 a 4500
001 vtls001380277
003 SK-MaSNL
005 20260224023108.0
008 240314s1976 xx 0 und
035 |a SNK000334265 
040 |a SNK  |b slo  |c SNK  |e AACR2 
100 1 |a Rákoš, Matej,  |d 1922-2011  |4 aut 
245 1 0 |a Fyzika pre technikov. 2 
260 |a Bratislava  |b Vyd. technickej a ekon. lit.  |c 1976 
300 |a 172 s. 
958 |a OND 
999 |c 809142  |d 811072 
952 |t P60, <04>, [BOOK], {604}  |a SNK  |b SNK  |y VYP  |7 0  |p 17A0223069  |o snkSB 23288/2 D1  |0 0  |1 0  |4 0  |d 2000-01-07  |l 0  |r 2005-01-02 00:00:00  |w 2026-02-24 
952 |a SNK  |b SNK  |y PREZ  |7 0  |p 17A0925088  |o snkSB 23288/2   |0 0  |1 0  |4 0  |d 2012-07-25  |l 0  |r 2025-03-26 00:00:00  |w 2026-02-24